|
|
|
|
| LEADER |
00000cam a2200000 a 4500 |
| 001 |
UCL8009 |
| 003 |
CL-VaPUC |
| 008 |
040611e19970000CL |||||||||||||||||spa|d |
| 020 |
|
|
|a 9567584028
|
| 082 |
0 |
4 |
|a 370.152
|b ARA
|2 21
|
| 100 |
0 |
|
|a Araya Schulz, Roberto
|e author
|9 485916
|
| 245 |
1 |
0 |
|a Construcción visual de conocimientos con juegos cooperativos: una propuesta educacional
|
| 250 |
|
|
|a 1a. ed
|
| 300 |
|
|
|a 156 p
|
| 942 |
|
|
|c BK
|
| 945 |
|
|
|d 20040611 00:00:00
|a cmena
|
| 260 |
|
|
|a Santiago
|b AutoMind
|c 1997
|
| 650 |
|
0 |
|a Psicología educacional
|9 307830
|
| 650 |
|
0 |
|a Desarrollo cognitivo
|9 311398
|
| 650 |
|
7 |
|a TRABAJO EN EQUIPO
|2 CL-VaPUC
|9 393025
|
| 650 |
|
0 |
|a Métodos de enseñanza
|9 270413
|
| 650 |
|
0 |
|a Aprendizaje
|9 254827
|
| 650 |
|
0 |
|a Creatividad
|9 310816
|
| 583 |
|
|
|a last modification
|c 20171116 10:31:22
|k Rodrigo Vera
|
| 999 |
|
|
|c 309495
|d 309493
|
| 952 |
|
|
|0 0
|1 0
|4 0
|6 370_152000000000000_ARA_1997
|7 0
|8 A
|9 376970
|a BIBEDU
|b BIBEDU
|d 2019-11-21
|i 4026225
|o 370.152 ARA 1997
|p 4026225
|r 2019-11-21
|w 2019-11-21
|y BK
|k EDU
|
| 952 |
|
|
|0 0
|1 0
|4 0
|6 370_152000000000000_ARA_1997
|7 0
|8 A
|9 376971
|a BIBEDU
|b BIBEDU
|d 2019-11-21
|i 4676769
|o 370.152 ARA 1997
|p 4676769
|r 2019-11-21
|w 2019-11-21
|y BK
|k EBA
|
| 952 |
|
|
|0 0
|1 0
|3 erb
|4 0
|6 370_152000000000000_ARA_1997
|7 0
|8 A
|9 376972
|a BIBEDU
|b BIBEDU
|i 5437520
|o 370.152 ARA 1997
|p 5437520
|r 2019-11-21
|w 2019-11-21
|y BK
|z Catalogado en:20171117
|k PAR
|